| 000 | 00556nam a2200169 a 4500 | ||
|---|---|---|---|
| 001 | 000026825 | ||
| 005 | 20250502073819.0 | ||
| 008 | 110325s1969 dr 000 0 spa d | ||
| 040 |
_aDO-SdBNP _bspa _cBNHPU |
||
| 100 | 1 |
_aRodríguez R., Víctor Melitón _97367 |
|
| 245 | 1 | 0 | _aRelaciones humanas en el trabajo. |
| 246 | 1 | _aApuntes de supervisión y relaciones humanas | |
| 260 |
_aSanto Domingo, : _bOnap, _c1969. |
||
| 300 |
_a60 p. ; _c28 cm. |
||
| 710 | 1 |
_aRepública Dominicana. _bOficina Nacional de Administración y Personal _926398 |
|
| 049 | _aBNPD | ||
| 999 |
_c26317 _d26317 |
||